Priemysel SR a vybraných malých ekonomík SR komparácia z aspektu prechodu do informačnej spoločnosti

Na minha lista:
Detalhes bibliográficos
Autor principal: Nemcová, Edita
Formato: Livro
Idioma:eslovaco
Publicado em: Bratislava Prognostický ústav SAV 2004
Colecção:Pracovné materiály č. 4
Assuntos:
Tags: Adicionar Tag
Sem tags, seja o primeiro a adicionar uma tag!

MARC

LEADER 00000nam$a2200000$$$4500
001 0025889
005 20240313135412.8
022 |a 0862-9137 
041 0 |a slo 
044 |a SK 
245 1 0 |a Priemysel SR a vybraných malých ekonomík SR  |b komparácia z aspektu prechodu do informačnej spoločnosti  |c Edita Nemcová 
264 1 |a Bratislava  |b Prognostický ústav SAV  |c 2004 
300 |a 34 s. 
490 1 |a Pracovné materiály  |v č. 4 
830 0 |a Pracovné materiály  |v č. 4 
610 2 0 |a priemysel 
610 2 0 |a obdobie prechodné 
610 2 0 |a spoločnosť informačná 
610 2 0 |a analýzy 
610 2 0 |a Slovensko 
610 2 0 |a Európska únia 
100 1 |a Nemcová, Edita